000 00374nam a2200133Ia 4500
008 221224s9999||||xx |||||||||||||| ||und||
082 _a242
_bVID/N
100 _aVidyalankar Pali Ratna, Shri Chandramani
245 0 _aNirukta Bhasya : Vedarth Deepak. Part- 1
250 _a1st Edition
260 _aDelhi
_bArsha Kanya Gurukul, Narela&c1976
300 _a509
942 _cVB
999 _c39488
_d39488